Community food webs : data and theory
Αποθηκεύτηκε σε:
| Κύριος συγγραφέας: | |
|---|---|
| Άλλοι συγγραφείς: | , |
| Μορφή: | Βιβλίο |
| Γλώσσα: | English |
| Δημοσίευση: |
Berlin :
Springer-Verlag,
1990.
|
| Σειρά: | Biomathematics ;
20 |
| Θέματα: | |
| Ετικέτες: |
Προσθήκη ετικέτας
Δεν υπάρχουν, Καταχωρήστε ετικέτα πρώτοι!
|
MARC
| LEADER | 00000cam a2200000 i 4500 | ||
|---|---|---|---|
| 001 | 1/100889 | ||
| 008 | 951009s1990 gw | ||| |||| ||eng|| | ||
| 020 | |a 3540511296 | ||
| 035 | |l 10011881 | ||
| 040 | |a GR-MyUa |b gre |e AACR2 | ||
| 041 | 0 | |a eng | |
| 082 | 7 | |a 574.53 |2 (22) | |
| 100 | 1 | |a Cohen, Joel E. | |
| 245 | 1 | 0 | |a Community food webs : |b data and theory / |c Joel E. Cohen, Frederic Briand, Charles M. Newman. |
| 260 | |a Berlin : |b Springer-Verlag, |c 1990. | ||
| 300 | |a 308 σ. : |b εικ. ; |c 25 εκ. | ||
| 490 | 1 | |a (Biomathematics ; |v 20) | |
| 504 | |a Περιλαμβάνει βιβλιογραφικές παραπομπές. | ||
| 650 | 0 | |a Food chains (Ecology) |x Mathematical models. | |
| 700 | 1 | |a Briand, Frederic. | |
| 700 | 1 | |a Newman, Charles M. | |
| 830 | 0 | |a Biomathematics ; |v 20 | |
| 852 | |a INST |b LESVOS |e 19951009 |h 574.53 COH |p 005100007293 |q 005100007293 |t BK |y 0 | ||
| 950 | |a 084-1995-02-23 | ||